[Event "Paul Keres mem (26th)"]
[Site "Vancouver CAN"]
[Date "2001.05.21"]
[Round "6.3"]
[White "Gentes, Kevin"]
[Black "Ferguson, Jim"]
[Result "1-0"]
[WhiteElo "2365"]
[BlackElo "2221"]
[PlyCount "81"]
[GameId "2160767911564781"]
[EventDate "2001.05.18"]
[EventType "swiss"]
[EventRounds "7"]
[EventCountry "CAN"]

1. d4 Nf6 2. c4 g6 3. Nf3 Bg7 4. Nc3 O-O 5. Bf4 d6 6. h3 Nc6 7. e3 Bf5 8. d5 e5 9. Bg5 Ne7 10. g4 Bd7 11. e4 Ne8 12. Bd3 c6 13. Qb3 f6 14. Be3 Qc8 15. O-O-O c5 16. Nh2 b6 17. Rdg1 Rb8 18. h4 a6 19. h5 b5 20. hxg6 hxg6 21. Qd1 bxc4 22. Bb1 Qb7 23. Qd2 g5 24. Nf1 Nc7 25. f3 Nb5 26. Nxb5 axb5 27. Ng3 b4 28. Nf5 Nxf5 29. gxf5 c3 30. Qh2 cxb2+ 31. Kxb2 Rf7 32. Bxg5 fxg5 33. Rxg5 Kf8 34. Rxg7 Rxg7 35. f6 Ba4 36. fxg7+ Qxg7 37. Rg1 Qf7 38. Qh8+ Ke7 39. Qxb8 Qxf3 40. Rg7+ Kf6 41. Qf8# 1-0

[Event "Paul Keres mem (26th)"]
[Site "Vancouver CAN"]
[Date "2001.05.21"]
[Round "6.5"]
[White "Shamilov, Eduard"]
[Black "Poitras, Luc"]
[Result "1/2-1/2"]
[WhiteElo "2239"]
[BlackElo "2208"]
[PlyCount "59"]
[GameId "2160767911564782"]
[EventDate "2001.05.18"]
[EventType "swiss"]
[EventRounds "7"]
[EventCountry "CAN"]

1. e4 c5 2. Nf3 Nc6 3. Nc3 e5 4. Bc4 Be7 5. a4 d6 6. Nd5 Nf6 7. Nxe7 Qxe7 8. Qe2 O-O 9. c3 a6 10. d3 h6 11. Bd2 Be6 12. Bxe6 Qxe6 13. c4 b5 14. b3 bxc4 15. bxc4 Rab8 16. O-O Rb7 17. Rfb1 Rfb8 18. Qd1 Nd4 19. Ne1 Qd7 20. a5 Nh7 21. Nf3 Nf8 22. Nxd4 cxd4 23. f4 f6 24. f5 Rb2 25. Rxb2 Rxb2 26. Bc1 Rb8 27. Ba3 Qc7 28. Rb1 Nd7 29. Rxb8+ Qxb8 30. Qa4 1/2-1/2

[Event "Paul Keres mem (26th)"]
[Site "Vancouver CAN"]
[Date "2001.05.21"]
[Round "6.7"]
[White "Haukenfrers, Dale"]
[Black "Milicevic, Dragoljub"]
[Result "1/2-1/2"]
[WhiteElo "2201"]
[BlackElo "2353"]
[PlyCount "95"]
[GameId "2160767911564783"]
[EventDate "2001.05.18"]
[EventType "swiss"]
[EventRounds "7"]
[EventCountry "CAN"]

1. d3 d5 2. c3 e5 3. Nf3 Bd6 4. e4 c6 5. Nbd2 f5 6. g3 Nf6 7. d4 Nxe4 8. Nxe5 O-O 9. f4 Be6 10. Ndf3 Nd7 11. Nxd7 Qxd7 12. Bg2 h6 13. O-O Qc7 14. Be3 b6 15. Rc1 c5 16. c4 dxc4 17. d5 Bd7 18. Qc2 b5 19. Nh4 Rae8 20. Rfe1 Qb7 21. g4 Qc7 22. gxf5 Nf6 23. Ng6 Ng4 24. Nxf8 Nxe3 25. Nxd7 Nxc2 26. Rxe8+ Kf7 27. Re6 Qxd7 28. Rxc2 b4 29. Bf3 Bf8 30. Rxc4 Kg8 31. d6 Bxd6 32. Bh5 Bf8 33. Rce4 c4 34. Rxc4 g6 35. Rxg6+ Kh8 36. Re6 Bc5+ 37. Kh1 Qd5+ 38. Rce4 Qxf5 39. Bf3 Qh3 40. Bg2 Qd3 41. Rxh6+ Kg7 42. Rhe6 Bf2 43. Re7+ Kf8 44. Re8+ Kf7 45. R4e7+ Kf6 46. Re6+ Kf7 47. R6e7+ Kf6 48. Re6+ 1/2-1/2

[Event "Paul Keres mem (26th)"]
[Site "Vancouver CAN"]
[Date "2001.05.21"]
[Round "6.8"]
[White "Gardner, Robert"]
[Black "Oszvald, Joseph"]
[Result "1-0"]
[WhiteElo "2333"]
[BlackElo "2109"]
[PlyCount "35"]
[GameId "2160767911564784"]
[EventDate "2001.05.18"]
[EventType "swiss"]
[EventRounds "7"]
[EventCountry "CAN"]

1. e4 c5 2. Nf3 d6 3. d4 cxd4 4. Nxd4 Nf6 5. Nc3 g6 6. Be3 Bg7 7. f3 Bd7 8. Qd2 Nc6 9. O-O-O h5 10. g3 a6 11. h3 b5 12. Be2 b4 13. Nd5 Qa5 14. Nxc6 Qxa2 15. Nc7+ Kf8 16. Qxb4 Rc8 17. Bc4 a5 18. Nxa5 1-0

[Event "Paul Keres mem (26th)"]
[Site "Vancouver CAN"]
[Date "2001.05.21"]
[Round "6.9"]
[White "Leblanc, Paul"]
[Black "Huber, Gregory"]
[Result "1/2-1/2"]
[WhiteElo "2107"]
[BlackElo "2333"]
[PlyCount "110"]
[GameId "2160767911564785"]
[EventDate "2001.05.18"]
[EventType "swiss"]
[EventRounds "7"]
[EventCountry "CAN"]

1. d4 c5 2. c3 e6 3. Nf3 f5 4. Bf4 Nf6 5. e3 b6 6. Nbd2 Be7 7. Bc4 O-O 8. h3 d5 9. Be2 Nc6 10. Qa4 Bd7 11. Bb5 Qc8 12. Ne5 Nxe5 13. Bxe5 a6 14. Bxd7 Nxd7 15. Bh2 b5 16. Qd1 c4 17. a3 a5 18. O-O Ra7 19. f3 Qc6 20. Qe2 Nf6 21. Rfe1 Bd6 22. Bxd6 Qxd6 23. e4 Qf4 24. exf5 exf5 25. Qe3 Qxe3+ 26. Rxe3 Kf7 27. Rae1 g6 28. Re5 b4 29. axb4 axb4 30. cxb4 Rb8 31. Nb1 Rxb4 32. Nc3 Rxb2 33. Nxd5 Nxd5 34. Rxd5 Raa2 35. g4 Kf6 36. gxf5 gxf5 37. Rc5 Rg2+ 38. Kh1 Rh2+ 39. Kg1 Rag2+ 40. Kf1 Rc2 41. Kg1 Rxh3 42. f4 Rg3+ 43. Kh1 Rf3 44. Rc6+ Kf7 45. Rc7+ Kg6 46. Rg1+ Kf6 47. Rxh7 Rxf4 48. Rh6+ Kf7 49. d5 Rd2 50. d6 c3 51. Ra1 c2 52. Ra7+ Kg8 53. Rg6+ Kf8 54. Rf6+ Kg8 55. Rg6+ Kf8 1/2-1/2

[Event "Paul Keres mem (26th)"]
[Site "Vancouver CAN"]
[Date "2001.05.21"]
[Round "6.10"]
[White "Illijin, Neboisa"]
[Black "North, Robert"]
[Result "1/2-1/2"]
[WhiteElo "2169"]
[BlackElo "2117"]
[PlyCount "100"]
[GameId "2160767911564786"]
[EventDate "2001.05.18"]
[EventType "swiss"]
[EventRounds "7"]
[EventCountry "CAN"]

1. e4 c5 2. Nf3 d6 3. d4 cxd4 4. Nxd4 Nf6 5. Nc3 a6 6. Be2 e5 7. Nb3 Be7 8. O-O O-O 9. Be3 Be6 10. a4 Nc6 11. f4 exf4 12. Bxf4 Ne5 13. Nd4 Qb6 14. a5 Qc5 15. Kh1 Rad8 16. Be3 Qc8 17. Bg1 d5 18. Nf5 Bxf5 19. exf5 d4 20. Na2 Nc4 21. Bxc4 Qxc4 22. Rf4 Bc5 23. c3 Qb5 24. cxd4 Qxb2 25. Qb1 Qd2 26. Qc1 Qxc1 27. Nxc1 Bb4 28. Nb3 Nd5 29. Rf3 Rfe8 30. Nc5 Bxc5 31. dxc5 Nc7 32. Rff1 Re2 33. Rad1 Rdd2 34. Rxd2 Rxd2 35. Re1 Rd7 36. g4 f6 37. Rc1 Ne8 38. c6 bxc6 39. Rxc6 Rd6 40. Rc8 Kf7 41. Ra8 Rc6 42. Ra7+ Kg8 43. Kg2 Nd6 44. Bb6 h5 45. h3 hxg4 46. hxg4 Kh7 47. Rxa6 Nc4 48. Kg3 Nxa5 49. Rxa5 Rxb6 50. Ra1 Rb3+ 1/2-1/2

[Event "Paul Keres mem (26th)"]
[Site "Vancouver CAN"]
[Date "2001.05.21"]
[Round "6.11"]
[White "Wu, Howard"]
[Black "Chapman, Erik"]
[Result "1-0"]
[WhiteElo "2217"]
[BlackElo "2021"]
[PlyCount "85"]
[GameId "2160767911564787"]
[EventDate "2001.05.18"]
[EventType "swiss"]
[EventRounds "7"]
[EventCountry "CAN"]

1. e4 c5 2. Nf3 Nc6 3. d4 cxd4 4. Nxd4 Nf6 5. Nc3 e5 6. Ndb5 d6 7. Bg5 a6 8. Na3 b5 9. Bxf6 gxf6 10. Nd5 f5 11. exf5 Bxf5 12. Be2 Bg7 13. O-O O-O 14. c3 Ne7 15. Nxe7+ Qxe7 16. Nc2 Bxc2 17. Qxc2 f5 18. Qb3+ Kh8 19. a4 bxa4 20. Rxa4 Rab8 21. Qa3 e4 22. f4 exf3 23. Bxf3 Be5 24. Bd5 Rf6 25. Rh4 Rg6 26. Rh3 Qa7+ 27. Kh1 Rb5 28. Bc4 Qb7 29. Rf2 Qe4 30. Bxb5 axb5 31. Qa1 f4 32. Qf1 b4 33. Rhf3 bxc3 34. bxc3 Rg8 35. Rxf4 Bxf4 36. Rxf4 Qe5 37. Rf3 Kg7 38. h3 Kh8 39. Qf2 h5 40. Rf5 Qe8 41. Qh4 Kg7 42. Rxh5 Qe2 43. Rg5+ 1-0

[Event "Paul Keres mem (26th)"]
[Site "Vancouver CAN"]
[Date "2001.05.21"]
[Round "6.12"]
[White "Adam, Valerian"]
[Black "Brajkovic, Nikola"]
[Result "1-0"]
[WhiteElo "2298"]
[BlackElo "2075"]
[PlyCount "77"]
[GameId "2160767911564788"]
[EventDate "2001.05.18"]
[EventType "swiss"]
[EventRounds "7"]
[EventCountry "CAN"]

1. e4 e5 2. Nf3 Nc6 3. Bc4 Bc5 4. O-O Nf6 5. d3 d6 6. h3 h6 7. c3 O-O 8. b4 Bb6 9. a4 a5 10. b5 Ne7 11. Be3 c6 12. Bxb6 Qxb6 13. Nh4 Bd7 14. Nd2 cxb5 15. Bxb5 Bxb5 16. Qb3 Nd7 17. axb5 Nc5 18. Qb1 Qd8 19. Nc4 g5 20. Nf5 Nxf5 21. exf5 a4 22. Ra2 Qf6 23. Nb6 Ra7 24. Nd5 Qd8 25. d4 exd4 26. cxd4 Nb3 27. Qd3 Ra5 28. f4 Kh8 29. fxg5 Qxg5 30. Rc2 Rg8 31. Kh2 Qh4 32. Rf4 Qd8 33. Rc7 Rg7 34. f6 Rg5 35. Rxf7 Qg8 36. Rg7 Rxg7 37. fxg7+ Qxg7 38. Rg4 Qf8 39. Qg6 1-0

[Event "Paul Keres mem (26th)"]
[Site "Vancouver CAN"]
[Date "2001.05.21"]
[Round "6.13"]
[White "Sladek, Vaclav"]
[Black "Kaptsan, Aron"]
[Result "1/2-1/2"]
[WhiteElo "2000"]
[BlackElo "2147"]
[PlyCount "32"]
[GameId "2160767911564789"]
[EventDate "2001.05.18"]
[EventType "swiss"]
[EventRounds "7"]
[EventCountry "CAN"]

1. d4 d5 2. Bg5 h6 3. Bh4 c5 4. c3 cxd4 5. Qxd4 Nc6 6. Qd1 Qb6 7. Qb3 Qxb3 8. axb3 Bf5 9. e3 e6 10. Nd2 Be7 11. Bg3 Nf6 12. Ngf3 O-O 13. Bb5 Rac8 14. O-O Ne4 15. Nxe4 Bxe4 16. Nd4 Nxd4 1/2-1/2

[Event "Paul Keres mem (26th)"]
[Site "Vancouver CAN"]
[Date "2001.05.21"]
[Round "6.14"]
[White "Kostadinov, George"]
[Black "Pitre, Hanniegn"]
[Result "1-0"]
[WhiteElo "2126"]
[BlackElo "2007"]
[PlyCount "37"]
[GameId "2160767911564790"]
[EventDate "2001.05.18"]
[EventType "swiss"]
[EventRounds "7"]
[EventCountry "CAN"]

1. d4 Nf6 2. Bg5 Ne4 3. Bf4 d5 4. f3 Nf6 5. Nc3 c5 6. Qd2 cxd4 7. Nb5 Nc6 8. Nc7+ Kd7 9. Nxa8 e5 10. Bg5 Bb4 11. c3 dxc3 12. bxc3 Ba5 13. Bxf6 Qxf6 14. Qxd5+ Ke8 15. Qc5 e4 16. O-O-O Be6 17. e3 Qxc3+ 18. Qxc3 Bxc3 19. Nc7+ 1-0

[Event "Paul Keres mem (26th)"]
[Site "Vancouver CAN"]
[Date "2001.05.21"]
[Round "6.16"]
[White "Zemitis, Valdemars"]
[Black "Nguyen, Kim"]
[Result "1/2-1/2"]
[WhiteElo "1841"]
[BlackElo "2015"]
[PlyCount "47"]
[GameId "2160767911564791"]
[EventDate "2001.05.18"]
[EventType "swiss"]
[EventRounds "7"]
[EventCountry "CAN"]

1. Nf3 Nf6 2. g3 g6 3. Bg2 Bg7 4. O-O O-O 5. d4 d6 6. c4 Nbd7 7. Nc3 e5 8. dxe5 dxe5 9. e4 c6 10. h3 a6 11. a4 Re8 12. Be3 Qa5 13. Qc2 Nc5 14. Rab1 Qb4 15. b3 Ne6 16. Nxe5 Nxe4 17. Nxe4 Bxe5 18. Rfd1 c5 19. Qd3 Rd8 20. Qxd8+ Nxd8 21. Rxd8+ Kg7 22. Bxc5 Qa5 23. Bf8+ Kg8 24. Be7+ 1/2-1/2

[Event "Paul Keres mem (26th)"]
[Site "Vancouver CAN"]
[Date "2001.05.21"]
[Round "6.17"]
[White "Berrocoso, Tony"]
[Black "Ivankovic, Goran"]
[Result "1-0"]
[WhiteElo "2053"]
[BlackElo "2007"]
[PlyCount "67"]
[GameId "2160767911564792"]
[EventDate "2001.05.18"]
[EventType "swiss"]
[EventRounds "7"]
[EventCountry "CAN"]

1. d4 e6 2. Nf3 f5 3. g3 Nf6 4. Bg2 c6 5. O-O d5 6. c4 Bd6 7. Nc3 O-O 8. c5 Bc7 9. b4 Nbd7 10. Bb2 Ne4 11. Nxe4 fxe4 12. Ne1 e5 13. Nc2 Qe7 14. Qd2 exd4 15. Bxd4 Be5 16. a3 Bxd4 17. Qxd4 Ne5 18. Ne3 Bg4 19. Ra2 Rad8 20. Rc2 Bh5 21. a4 Kh8 22. b5 Qf6 23. Kh1 Bg6 24. Rd2 Qe7 25. Kg1 Nc4 26. Rdd1 Ne5 27. Rd2 Bh5 28. Kh1 Rf6 29. Bxe4 Bxe2 30. Rxe2 dxe4 31. Qxe4 Qxc5 32. f4 Ng6 33. Ng4 Rfd6 34. Qe8+ 1-0

[Event "Paul Keres mem (26th)"]
[Site "Vancouver CAN"]
[Date "2001.05.21"]
[Round "6.18"]
[White "Sullivan, Brian"]
[Black "Kerry, James"]
[Result "1/2-1/2"]
[WhiteElo "1738"]
[BlackElo "2034"]
[PlyCount "80"]
[GameId "2160767911564793"]
[EventDate "2001.05.18"]
[EventType "swiss"]
[EventRounds "7"]
[EventCountry "CAN"]

1. e4 c5 2. Nf3 d6 3. d4 cxd4 4. Nxd4 Nf6 5. Nc3 a6 6. Bc4 e6 7. a4 Be7 8. O-O O-O 9. a5 Nc6 10. Nxc6 bxc6 11. Be3 d5 12. Bb6 Qe8 13. exd5 exd5 14. Bd3 Be6 15. Qe2 Qc8 16. Rfe1 Bb4 17. Ra4 Bxc3 18. bxc3 Bf5 19. Rf4 Bxd3 20. cxd3 Re8 21. Qd1 Rxe1+ 22. Qxe1 Qe6 23. Qxe6 fxe6 24. h3 e5 25. Rf5 e4 26. dxe4 Nxe4 27. c4 Nd6 28. Re5 Nxc4 29. Re7 Nxb6 30. axb6 Rb8 31. b7 h6 32. Rc7 Kh7 33. Rxc6 Rxb7 34. Rxa6 Rb1+ 35. Kh2 Rb2 36. Kg3 d4 37. Rd6 Rd2 38. h4 h5 39. Kf3 g6 40. g3 Kg7 1/2-1/2

[Event "Paul Keres mem (26th)"]
[Site "Vancouver CAN"]
[Date "2001.05.21"]
[Round "6.19"]
[White "Bouvier, Jesse"]
[Black "Keshet, Joshua"]
[Result "0-1"]
[WhiteElo "2020"]
[BlackElo "1866"]
[PlyCount "138"]
[GameId "2160767911564794"]
[EventDate "2001.05.18"]
[EventType "swiss"]
[EventRounds "7"]
[EventCountry "CAN"]

1. e4 e6 2. d4 d5 3. e5 c5 4. c3 a6 5. Nf3 b5 6. Bd3 Bb7 7. O-O Qc7 8. a3 c4 9. Bc2 Ne7 10. Ng5 h6 11. Nh3 Nbc6 12. f4 g6 13. Nd2 Bg7 14. Rf3 O-O-O 15. b4 Rdf8 16. Qe1 Qb6 17. Bb2 g5 18. Nf2 gxf4 19. Rxf4 h5 20. Nf3 Qc7 21. Nh3 Nd8 22. Nfg5 Ng6 23. Bxg6 fxg6 24. Qg3 Bh6 25. Raf1 Rf5 26. Bc1 Qe7 27. Rxf5 gxf5 28. Qf3 h4 29. Qf2 Bg7 30. Bd2 Bc6 31. Nf3 Nf7 32. Nhg5 Be8 33. Nxf7 Qxf7 34. Nxh4 Qh5 35. Nf3 Qg4 36. Ng5 Qh5 37. h3 Qg6 38. Bf4 Rh5 39. h4 Kd7 40. Re1 Rh8 41. Re3 Qh5 42. g3 Qg6 43. Kh2 Qh5 44. Qf3 Qg6 45. Kg2 Bf8 46. Re1 Be7 47. Ra1 Kc8 48. Kf2 Qg8 49. Ke3 Bd7 50. Kd2 Bd8 51. Nh3 a5 52. Bg5 a4 53. Bxd8 Kxd8 54. Qf4 Qh7 55. Ke3 Rg8 56. Ng5 Qg6 57. Rh1 Bc6 58. h5 Qxg5 59. Qxg5+ Rxg5 60. h6 Rxg3+ 61. Kf4 Rg4+ 62. Kf3 Rg8 63. h7 Rh8 64. Rh6 Ke7 65. Kf4 Bd7 66. Kg5 Kf7 67. Rf6+ Kg7 68. Rg6+ Kxh7 69. Kf6 Rf8+ 0-1

[Event "Paul Keres mem (26th)"]
[Site "Vancouver CAN"]
[Date "2001.05.21"]
[Round "6.20"]
[White "Long, Hugh"]
[Black "Fairbairn, Stephen"]
[Result "1/2-1/2"]
[WhiteElo "1878"]
[BlackElo "2015"]
[PlyCount "77"]
[GameId "2160767911564795"]
[EventDate "2001.05.18"]
[EventType "swiss"]
[EventRounds "7"]
[EventCountry "CAN"]

1. d4 Nf6 2. c4 g6 3. Nc3 d5 4. cxd5 Nxd5 5. e4 Nxc3 6. bxc3 Bg7 7. Bc4 c5 8. Ne2 O-O 9. O-O Nc6 10. Be3 Bg4 11. f3 Na5 12. Bd3 cxd4 13. cxd4 Be6 14. Qd2 Nc4 15. Bxc4 Bxc4 16. Rfe1 Bxe2 17. Rxe2 e6 18. Rd1 Qd7 19. Bh6 Bxh6 20. Qxh6 Rfd8 21. e5 Qd5 22. Rc2 Rac8 23. Qc1 Qd7 24. Rxc8 Rxc8 25. Qb2 Qd5 26. h3 b5 27. Kh2 a5 28. a3 Rc4 29. f4 b4 30. axb4 axb4 31. g3 Qc6 32. Rd2 Qd5 33. h4 h5 34. Rd3 Qe4 35. Rd2 Qf3 36. d5 exd5 37. e6 fxe6 38. Qf6 Qe4 39. Qd8+ 1/2-1/2

[Event "Paul Keres mem (26th)"]
[Site "Vancouver CAN"]
[Date "2001.05.21"]
[Round "6.21"]
[White "Angelvette, Duane"]
[Black "Veszely, Frank"]
[Result "1/2-1/2"]
[WhiteElo "1656"]
[BlackElo "1946"]
[PlyCount "96"]
[GameId "2160767911564796"]
[EventDate "2001.05.18"]
[EventType "swiss"]
[EventRounds "7"]
[EventCountry "CAN"]

1. e4 c5 2. Nf3 e6 3. d4 cxd4 4. Nxd4 Nf6 5. Nc3 Bb4 6. e5 Nd5 7. Ndb5 Nxc3 8. bxc3 Be7 9. Qg4 Kf8 10. Bd3 a6 11. Nd6 Qc7 12. O-O Bxd6 13. exd6 Qxd6 14. a4 Qe5 15. Ba3+ Ke8 16. f4 Qxc3 17. f5 Nc6 18. fxe6 dxe6 19. Qf4 Qd4+ 20. Kh1 Qxf4 21. Rxf4 e5 22. Re1 Be6 23. Rf2 f6 24. Rb1 Rb8 25. Be4 Rd8 26. h3 Bc8 27. c4 Kf7 28. Bd5+ Kg6 29. Rb3 f5 30. Rg3+ Kf6 31. Bc1 h6 32. Bb2 Rhe8 33. Re3 Rd7 34. g4 g6 35. gxf5 gxf5 36. Rfe2 Rde7 37. Ba3 Rg7 38. Bb2 Rge7 39. Ba3 Rg7 40. Bb2 f4 41. Rf3 Rg3 42. Rxf4+ Kg5 43. Rf7 Rxh3+ 44. Kg1 h5 45. Bc1+ Kg6 46. Ref2 Rg3+ 47. Kh2 h4 48. Be4+ Kh5 1/2-1/2

[Event "Paul Keres mem (26th)"]
[Site "Vancouver CAN"]
[Date "2001.05.21"]
[Round "6.22"]
[White "Krzyzowski, Ernest"]
[Black "Gustafson, Dale"]
[Result "1-0"]
[WhiteElo "1859"]
[BlackElo "1904"]
[PlyCount "135"]
[GameId "2160767911564797"]
[EventDate "2001.05.18"]
[EventType "swiss"]
[EventRounds "7"]
[EventCountry "CAN"]

1. c4 e5 2. Nc3 Nc6 3. Nf3 g6 4. d3 Bg7 5. Bg5 f6 6. Bd2 Nge7 7. Qa4 O-O 8. b4 d6 9. b5 Nd4 10. Nxd4 exd4 11. Nd5 b6 12. Nb4 Bb7 13. Nc6 Bxc6 14. bxc6 Qe8 15. g3 Nf5 16. Bg2 Kh8 17. Bf3 a5 18. O-O Nh6 19. Rae1 Nf7 20. Bg2 Ne5 21. Bc1 f5 22. Bb2 Ng4 23. h3 Nh6 24. Qd1 Qe7 25. Qa1 f4 26. Bxd4 Bxd4 27. Qxd4+ Qf6 28. Qxf6+ Rxf6 29. g4 g5 30. Bd5 Re8 31. Kg2 Nf7 32. d4 Kg7 33. e3 fxe3 34. Rxe3 Rxe3 35. fxe3 Rxf1 36. Kxf1 Nh8 37. Be4 h6 38. Kf2 Kf6 39. Kf3 Nf7 40. Bd5 Nh8 41. Ke4 Ng6 42. Kd3 Ne7 43. Bh1 Nc8 44. Ke4 Ne7 45. Kd3 Nc8 46. Be4 Ne7 47. c5 d5 48. Bf3 b5 49. a3 Ke6 50. e4 dxe4+ 51. Bxe4 Nd5 52. Bf5+ Kf6 53. Ke4 Nc3+ 54. Kf3 Nd5 55. Bd3 b4 56. axb4 axb4 57. Bc4 Ne7 58. Ke4 Nxc6 59. d5 Na5 60. Bd3 b3 61. Kd4 b2 62. Bc2 Nb3+ 63. Kc4 Nd2+ 64. Kb5 Ke7 65. Kc6 Kd8 66. Kb7 b1=Q+ 67. Bxb1 Nxb1 68. d6 1-0

[Event "Paul Keres mem (26th)"]
[Site "Vancouver CAN"]
[Date "2001.05.21"]
[Round "6.23"]
[White "Nishida, Harold"]
[Black "Dekker, Case"]
[Result "1-0"]
[WhiteElo "2010"]
[BlackElo "1534"]
[PlyCount "91"]
[GameId "2160767911564798"]
[EventDate "2001.05.18"]
[EventType "swiss"]
[EventRounds "7"]
[EventCountry "CAN"]

1. e4 e5 2. Nf3 Nc6 3. Bb5 a6 4. Ba4 b5 5. Bb3 Be7 6. O-O Nf6 7. Re1 O-O 8. d4 d6 9. h3 Bb7 10. c3 Na5 11. Bc2 Nc4 12. b3 Nb6 13. Nbd2 Nbd7 14. Nf1 Re8 15. Ng3 Bf8 16. d5 Qc8 17. Bg5 g6 18. Qd2 Bg7 19. Bh6 Kh8 20. Bxg7+ Kxg7 21. Qg5 Ng8 22. Nf5+ Kh8 23. Nh6 Nxh6 24. Qxh6 f6 25. g4 Rg8 26. g5 Rg7 27. Re3 Qf8 28. gxf6 Nxf6 29. Ng5 Bc8 30. Bd1 Qe7 31. Rg3 Bd7 32. Bg4 Ng8 33. Qh4 Rf8 34. Bxd7 Qxd7 35. Ne6 Rff7 36. Nxg7 Rxg7 37. Re1 Qf7 38. Ree3 Qf4 39. Qd8 g5 40. Rg4 Qf7 41. Rxg5 h6 42. Rxg7 Kxg7 43. Rg3+ Kh7 44. Qc8 Nf6 45. Qf5+ Kh8 46. Rg6 1-0

[Event "Paul Keres mem (26th)"]
[Site "Vancouver CAN"]
[Date "2001.05.21"]
[Round "6.24"]
[White "Holubowicz, Kazimiercz"]
[Black "Pivovarov, Juraj"]
[Result "0-1"]
[WhiteElo "1634"]
[BlackElo "1807"]
[PlyCount "67"]
[GameId "2160767911564799"]
[EventDate "2001.05.18"]
[EventType "swiss"]
[EventRounds "7"]
[EventCountry "CAN"]

1. Nf3 c5 2. b4 cxb4 3. Bb2 d5 4. g3 Nc6 5. Bg2 e6 6. d3 Nf6 7. Nbd2 Bd6 8. e4 e5 9. exd5 Nxd5 10. Nc4 O-O 11. O-O Re8 12. h4 Bg4 13. Qd2 f6 14. Nh2 Be6 15. Ne3 Nde7 16. g4 Qc7 17. Be4 Nd4 18. Rfc1 Qd7 19. Qd1 f5 20. gxf5 Ndxf5 21. Qh5 Rf8 22. Kh1 Bf7 23. Bxf5 Nxf5 24. Qxf5 Bd5+ 25. Qe4 Bxe4+ 26. dxe4 Rxf2 27. Neg4 Rd2 28. Rg1 Qe6 29. Raf1 Rf8 30. Bc1 Rxf1 31. Nxf1 Rxc2 32. Nfe3 Bc5 33. Rd1 Rxc1 34. Rxc1 0-1

[Event "Paul Keres mem (26th)"]
[Site "Vancouver CAN"]
[Date "2001.05.21"]
[Round "7"]
[White "Harmon, Clark"]
[Black "Yoos, John"]
[Result "0-1"]
[WhiteElo "2181"]
[BlackElo "2346"]
[PlyCount "78"]
[GameId "2160767911564800"]
[EventDate "2001.05.18"]
[EventType "swiss"]
[EventRounds "7"]
[EventCountry "CAN"]
[SourceTitle "CBM 082 Extra"]
[Source "ChessBase"]
[SourceDate "2001.07.03"]
[SourceVersion "1"]
[SourceVersionDate "2001.07.03"]
[SourceQuality "1"]

1. d4 d6 2. Nf3 g6 3. Bf4 Bg7 4. e3 Nd7 5. h3 e5 6. Bh2 Nh6 7. Be2 O-O 8. c4 Kh8 9. Nc3 f5 10. O-O f4 11. c5 g5 12. dxe5 dxe5 13. exf4 gxf4 14. Ne4 Qe7 15. Rc1 Nf6 16. Nfd2 Nf5 17. Nxf6 Rxf6 18. Ne4 Rg6 19. Bh5 Rh6 20. Bg4 Nd4 21. f3 Be6 22. Nf2 Rd8 23. Re1 Rg6 24. Qa4 Qh4 25. Qa3 Bd5 26. Qd3 Rg5 27. Nh1 Bc6 28. Qf1 Rg6 29. g3 Qf6 30. Rc3 Rf8 31. Kg2 Qg5 32. Nf2 fxg3 33. Bxg3 Nxf3 34. Ne4 Nxe1+ 35. Qxe1 Bxe4+ 36. Qxe4 h5 37. Bh4 Qxh4 38. Qxg6 Qf2+ 39. Kh1 Qe1+ 0-1

[Event "Paul Keres mem (26th)"]
[Site "Vancouver CAN"]
[Date "2001.05.21"]
[Round "7.3"]
[White "Boehmer, Kris"]
[Black "Gardner, Robert"]
[Result "1/2-1/2"]
[WhiteElo "2125"]
[BlackElo "2333"]
[PlyCount "105"]
[GameId "2160767911564802"]
[EventDate "2001.05.18"]
[EventType "swiss"]
[EventRounds "7"]
[EventCountry "CAN"]

1. d4 Nf6 2. Nf3 c5 3. e3 cxd4 4. exd4 d5 5. Bd3 Nc6 6. c3 Bg4 7. Bf4 Qb6 8. Qb3 Qxb3 9. axb3 Bxf3 10. gxf3 e6 11. b4 Kd7 12. Nd2 Bd6 13. Bg3 Nh5 14. Nb3 b6 15. b5 Ne7 16. O-O f5 17. Bxd6 Kxd6 18. Ra6 Nf4 19. Bc2 Kc7 20. Rfa1 Nc8 21. Nc1 Rb8 22. Na2 Rf8 23. Nb4 Rf6 24. Kh1 Rg6 25. Rg1 Rxg1+ 26. Kxg1 Rb7 27. Nc6 Nd6 28. Ne5 Ng6 29. Bd3 Nxe5 30. dxe5 Nf7 31. f4 g5 32. fxg5 Nxg5 33. Be2 Kb8 34. Ra4 Rg7 35. Kf1 Ne4 36. f3 Nc5 37. Rh4 Nd7 38. Rh6 Re7 39. f4 Nc5 40. b4 Ne4 41. c4 dxc4 42. Ke1 c3 43. Kd1 Rg7 44. Rxe6 Rg1+ 45. Kc2 Rg2 46. Kd3 c2 47. Rc6 Nc5+ 48. Kxc2 Rxe2+ 49. Kd1 Re4 50. bxc5 bxc5 51. Rxc5 Rxf4 52. e6 Re4 53. Rxf5 1/2-1/2

[Event "Paul Keres mem (26th)"]
[Site "Vancouver CAN"]
[Date "2001.05.21"]
[Round "7.4"]
[White "Ferguson, Jim"]
[Black "Wu, Howard"]
[Result "1/2-1/2"]
[WhiteElo "2221"]
[BlackElo "2217"]
[PlyCount "33"]
[GameId "2160767911564803"]
[EventDate "2001.05.18"]
[EventType "swiss"]
[EventRounds "7"]
[EventCountry "CAN"]

1. e4 c5 2. Nf3 Nc6 3. d4 cxd4 4. Nxd4 Nf6 5. Nc3 d6 6. Bg5 e6 7. Qd2 Be7 8. O-O-O O-O 9. Nb3 a6 10. f3 b5 11. h4 Qb6 12. Be3 Qc7 13. Qf2 Bb7 14. g4 b4 15. Bb6 Qb8 16. Na4 d5 17. g5 1/2-1/2

[Event "Paul Keres mem (26th)"]
[Site "Vancouver CAN"]
[Date "2001.05.21"]
[Round "7.5"]
[White "Morgan, Ben"]
[Black "Shamilov, Eduard"]
[Result "1-0"]
[WhiteElo "2439"]
[BlackElo "2239"]
[PlyCount "67"]
[GameId "2160767911564804"]
[EventDate "2001.05.18"]
[EventType "swiss"]
[EventRounds "7"]
[EventCountry "CAN"]

1. e4 c5 2. c3 d6 3. d4 cxd4 4. cxd4 Nf6 5. Nc3 g6 6. Nf3 Bg7 7. h3 O-O 8. Bd3 e6 9. O-O Nc6 10. a3 e5 11. dxe5 dxe5 12. Be3 Nh5 13. Nd5 Kh8 14. Bc4 h6 15. Qd2 Kh7 16. Rad1 Be6 17. Qe2 Nf6 18. Nb6 Qe7 19. Nxa8 Rxa8 20. Bxe6 Qxe6 21. Qc2 Rc8 22. Rc1 Nh5 23. Rfd1 Rg8 24. Qc4 Qe8 25. Qb5 Qe7 26. Rc2 Nd4 27. Bxd4 exd4 28. e5 a6 29. Qc4 Bxe5 30. Nxe5 Qxe5 31. Qxd4 Qe6 32. Rc7 Nf6 33. Rxb7 Re8 34. Rb6 1-0

[Event "Paul Keres mem (26th)"]
[Site "Vancouver CAN"]
[Date "2001.05.21"]
[Round "7.6"]
[White "Kostadinov, George"]
[Black "Valvo, Michael"]
[Result "1-0"]
[WhiteElo "2126"]
[BlackElo "2397"]
[PlyCount "69"]
[GameId "2160767911564805"]
[EventDate "2001.05.18"]
[EventType "swiss"]
[EventRounds "7"]
[EventCountry "CAN"]

1. d4 Nf6 2. c4 a6 3. Nc3 c5 4. d5 b5 5. cxb5 axb5 6. Nxb5 Ba6 7. Nc3 g6 8. g3 d6 9. Bg2 Bg7 10. Nf3 O-O 11. O-O Nbd7 12. h3 Qa5 13. Qc2 Rfb8 14. Rd1 Ne8 15. Bg5 Rxb2 16. Qxb2 Bxc3 17. Qc2 Bxa1 18. Rxa1 f6 19. Bd2 Qb5 20. Rb1 Qc4 21. Qxc4 Bxc4 22. Rb7 Ne5 23. Nxe5 fxe5 24. Rxe7 Bxa2 25. f4 Kf8 26. Rxh7 exf4 27. Bxf4 Bc4 28. Bf3 Ra2 29. Bh6+ Kg8 30. Re7 Bb5 31. Kf2 c4 32. Be4 Nf6 33. Bxg6 c3 34. Rg7+ Kh8 35. Rc7 1-0